000
00256nam a22001217a 4500
041
_a
ENG
100
_a
Jeet.I
245
_a
Groundwater Resources Of India
260
_a
Delhi
_b
Mittal Pub
_c
2001
300
_a
191
650
_a
IDE
856
_u
IDE ( 05 )
999
_c
1525
_d
1525